000 01265nam a2200373 c 4500
001 53194
003 ES-MaCES
005 20250203133029.0
007 cr |||||||||||
008 240521s2024 sp r 000 | spa d
040 _aES-MaCES
_bspa
_cES-MaCES
245 0 0 _aEspaña 2023
_hRecurso electrónico
_b: un balance
260 _aMadrid
_bColegio de Economistas de Madrid
_c2024
300 _a1 documento pdf
_c(19,1 mb)
500 _aEn: Economistas. - Nº 185, abr.2024
541 _cGratuito
650 4 _aglobalización económica
_930653
650 4 _anuevo orden económico internacional
_929223
650 4 _acondiciones económicas
_927081
650 4 _amercado de trabajo
_928292
650 4 _acapital humano
_929498
650 4 _aanálisis económico
_927070
650 4 _aestrategia empresarial
_930601
650 4 _asector financiero
_930761
650 4 _aanálisis de insumo producto
_927086
650 4 _aEspaña
_926964
650 4 _a2023
_940696
650 4 _ainforme
_928986
653 1 0 _aCondiciones económicas
710 2 _aColegio de Economistas de Madrid
_eed.
_91990
856 4 _uhttp://biblioteca.ces.es/repintra/B53194.pdf
_ytexto completo
_z[intranet]
902 _aELE PUB. ELECTRONICA
942 _2CES
_cBK
_h0.0.
999 _c53194
_d53194